| 000 | 00651nam a2200241Ia 4500 | ||
|---|---|---|---|
| 008 | 180620s9999 xx 000 0 und d | ||
| 020 | _a978-1-84193-321-4 | ||
| 050 | _aREF NC 730 | ||
| 050 | _b.B37 2004 | ||
| 100 | _aBarber, Barrington. | ||
| 245 | 4 | _aThe Fundamentals of drawing still life : | |
| 245 | 2 | _ba practical and inspirational course / | |
| 245 | 0 | _cBarrington Barrer. | |
| 260 | _aLondon : | ||
| 260 | _bArcturus Publishing, | ||
| 260 | _c2004 | ||
| 300 | _a208 pages : | ||
| 300 | _billustrations ; | ||
| 300 | _c26 cm. | ||
| 500 | _aIncludes index. | ||
| 650 | _aDrawing -- Technique. | ||
| 650 | _xStill life in art. | ||
| 999 |
_c358016 _d358016 |
||